| 000 | 00815nam a2200241 a 4500 | ||
|---|---|---|---|
| 001 | 000020078 | ||
| 005 | 20200929170245.0 | ||
| 008 | 100720s2007 cu ac 000 0 spa d | ||
| 020 | _a9789590903649 | ||
| 040 |
_aDO-SdBNP _bspa _cBNPHU |
||
| 082 |
_a780.97291 _bG526m |
||
| 100 | 1 |
_aGiro, Radamés _96312 |
|
| 245 | 1 | 0 |
_aMúsica popular cubana : _bbreve historia a través de los géneros y otros ritmos / _cRadamés Giro ; edición Elisa Pardo Zayas. |
| 260 |
_aLa Habana : _bJosé Martí, _c2007. |
||
| 300 |
_a115 p. : _bil. ; retrs. ; _c19 cm. |
||
| 490 | 1 | _aCinquillo | |
| 504 | _aIncluye bibliografías [p. 110-115] | ||
| 650 | 4 |
_aMúsica popular cubana _xHistoria _942651 |
|
| 650 | 4 |
_aMúsicos cubanos _942652 |
|
| 700 | 1 |
_aPardo Zayas, Eliza _eed. _942653 |
|
| 830 | 0 |
_aCinquillo _942654 |
|
| 049 | _aBNPD | ||
| 999 |
_c19586 _d19586 |
||